UK Multiple Choice Quiz - Statistics

General Stats
  • This quiz has been taken 85 times
  • The average score is 7 of 10
Answer Stats
Question Answer % Correct
How many countries is the UK made up of? 4
91%
What are the capitals of each country in the UK? Cardiff, Edinburgh, London and Belfast.
89%
What is the name of the British flag? Union Jack
89%
Which famous building in London was historically used to house important political prisoners? Tower of London
80%
What is the national animal for the UK? Lion
77%
What is the highest point in the British isles? Ben Nevis
69%
What is the emergency number for the UK? 999
60%
Which of these is home to the highest waterfall in Britain? (Eas a’ Chual Aluinn) Scotland
46%
What is the furthest point in Britain from the coast? (Miles) 70
34%
On average, how many cups of tea does the UK drink a day? 100 Million
31%
No matching quizzes found
Score Distribution
Percent of People with Each Score
Percentile by Number Answered
Your Score History
You have not taken this quiz